<?xml version="1.0" encoding="UTF-8"?>
<collection xmlns="http://www.loc.gov/MARC21/slim">
 <record>
  <leader>01750nam a2200217Ia 4500</leader>
  <controlfield tag="001">TDMU_21648</controlfield>
  <controlfield tag="008">210410s9999    xx            000 0 und d</controlfield>
  <datafield tag="082" ind1=" " ind2=" ">
   <subfield code="a">658.049</subfield>
  </datafield>
  <datafield tag="090" ind1=" " ind2=" ">
   <subfield code="b">H309</subfield>
  </datafield>
  <datafield tag="100" ind1=" " ind2=" ">
   <subfield code="a">Hill, Charles W. L</subfield>
  </datafield>
  <datafield tag="245" ind1=" " ind2="0">
   <subfield code="a">Global business today</subfield>
  </datafield>
  <datafield tag="245" ind1=" " ind2="0">
   <subfield code="c">Charles W. L. Hill, Krishna Udayasankar, Wee Chow Hou</subfield>
  </datafield>
  <datafield tag="260" ind1=" " ind2=" ">
   <subfield code="a">New York</subfield>
  </datafield>
  <datafield tag="260" ind1=" " ind2=" ">
   <subfield code="b">McGraw-Hill Irwin</subfield>
  </datafield>
  <datafield tag="260" ind1=" " ind2=" ">
   <subfield code="c">2014</subfield>
  </datafield>
  <datafield tag="300" ind1=" " ind2=" ">
   <subfield code="a">xxviii, 543 p.</subfield>
  </datafield>
  <datafield tag="520" ind1=" " ind2=" ">
   <subfield code="a">Introduction and overview -- Globalization -- Country differences -- National differences in political economy -- Political economy and economic development -- Differences in culture -- Ethics in international business -- Cross-border trade and investment -- International trade theory -- The political economy of international trade -- Foreign director investment -- Regional economic integration -- Global money system -- The foreign exchange market -- The international monetary system -- The strategy and structure of international business -- The strategy of international business -- Entering foreign markets -- Exporting, importing, and countertrade -- Global production, outsourcing, and logistics -- Global marketing and r&amp;d -- Global human resource management.; Includes bibliographical references and index</subfield>
  </datafield>
  <datafield tag="650" ind1=" " ind2=" ">
   <subfield code="a">International business enterprises</subfield>
   <subfield code="x">Management; International trade; Investments, Foreign; Capital market; Doanh nghiệp kinh doanh quốc tế</subfield>
   <subfield code="x">Quản lý; Thương mại quốc tế; Đầu tư, Nước ngoài; Thị trường vốn; Xí nghiệp quốc tế</subfield>
  </datafield>
  <datafield tag="700" ind1=" " ind2=" ">
   <subfield code="a">Udayasankar, Krishna</subfield>
  </datafield>
  <datafield tag="856" ind1=" " ind2=" ">
   <subfield code="u">http://lrc.tdmu.edu.vn/opac/search/detail.asp?aID=2&amp;ID=21648</subfield>
  </datafield>
  <datafield tag="980" ind1=" " ind2=" ">
   <subfield code="a">Trung tâm Học liệu Trường Đại học Thủ Dầu Một</subfield>
  </datafield>
 </record>
</collection>
